5HLuxD.jpg

KING HENRY VIII SENIOR AND PRIMARY SCHOOL LIBRARY OPAC

The light fantastic / (Record no. 833)

000 -LEADER
fixed length control field 00949cam a22003134a 4500
001 - CONTROL NUMBER
control field 005121849
003 - CONTROL NUMBER IDENTIFIER
control field OCoLC
005 - DATE AND TIME OF LATEST TRANSACTION
control field 20191223094311.0
008 - FIXED-LENGTH DATA ELEMENTS--GENERAL INFORMATION
fixed length control field 091125s1986 enk 000 1 eng d
015 ## - NATIONAL BIBLIOGRAPHY NUMBER
National bibliography number GB87-21143
020 ## - INTERNATIONAL STANDARD BOOK NUMBER
International Standard Book Number 0552128481 (pbk.) :
020 ## - INTERNATIONAL STANDARD BOOK NUMBER
International Standard Book Number 9780552128483 (pbk.)
040 ## - CATALOGING SOURCE
Original cataloging agency UKV3G
Transcribing agency UKV3G
Modifying agency UKM
-- CPL
-- NCTU
042 ## - AUTHENTICATION CODE
Authentication code nbic
082 ## - DEWEY DECIMAL CLASSIFICATION NUMBER
Classification number FIC PRA
100 1# - MAIN ENTRY--PERSONAL NAME
Personal name Pratchett, Terry.
Relator term author
245 14 - TITLE STATEMENT
Title The light fantastic /
Statement of responsibility, etc. Terry Pratchett.
260 ## - PUBLICATION, DISTRIBUTION, ETC.
Place of publication, distribution, etc. London :
Name of publisher, distributor, etc. Corgi Books,
Date of publication, distribution, etc. 1986.
300 ## - PHYSICAL DESCRIPTION
Extent 284 p. ;
Dimensions 18 cm.
490 0# - SERIES STATEMENT
Series statement Discworld novel
500 ## - GENERAL NOTE
General note Originally published: Gerrards Cross : Colin Smythe, 1986.
500 ## - GENERAL NOTE
General note "A Discworld novel" -- Cover.
650 #0 - SUBJECT ADDED ENTRY--TOPICAL TERM
Topical term or geographic name entry element Vimes, Samuel (Fictitious character)
Form subdivision Fiction.
650 #0 - SUBJECT ADDED ENTRY--TOPICAL TERM
Topical term or geographic name entry element Discworld (Imaginary place)
Form subdivision Fiction.
655 #7 - INDEX TERM--GENRE/FORM
Genre/form data or focus term Humorous fiction.
Source of term gsafd.
655 #7 - INDEX TERM--GENRE/FORM
Genre/form data or focus term Fantasy fiction.
Source of term gsafd.
655 #7 - INDEX TERM--GENRE/FORM
Genre/form data or focus term Satire.
Source of term lcsh.
942 ## - ADDED ENTRY ELEMENTS (KOHA)
Source of classification or shelving scheme
Koha item type Books - Fiction
Holdings
Withdrawn status Lost status Source of classification or shelving scheme Damaged status Not for loan Collection code Permanent Location Current Location Shelving location Date acquired Full call number Barcode Date last seen Price effective from Koha item type
          Fiction KH8 Senior School Library KH8 Senior School Library Fiction 2019-12-23 FIC PRA 3KHSL000101584 2024-07-18 2019-12-23 Books - Fiction

Powered By KH8 IT Dept